00756cam a2200229 a 450000100060000000300080000600500170001400800410003103500190007204000320009104100080012308200250013110000350015624500400019126000380023130000210026950000280029065000440031894200120036299900170037495201350039116833BD-RjUL20211209000045.0140215s1957 enk 000 0 eng d a(BD-RjUL)16888 aDLCcDLCdDLCdBD-RjULbeng aeng00a811.52219bWIP 19571 aWilbur, Richard,d1921-95197210aPoems, 1943-1956 /cRichard Wilbur. aLondon :bFaber and Faber,c1957. a136 p. ;c22 cm. aLC copy in dust jacket. aWilbur, Richard, v1921yPoetry.951973 2ddccBK c16833d16833 00102ddc40718NFICaRUCLbRUCLcReadingd1969-12-20eZeit.g18.00l0o811.52 WIP 1957r2014-02-15 00:00:00tC-1w2014-02-15yBK